Die demotischen papyri Hauswaldt

محفوظ في:

المؤلف الرئيسي: Papyri Hauswaldt

مؤلفون آخرون: Wilhelm Spiegelberg

التنسيق: كتاب

اللغة: Undetermined

منشور في: Leipzig J.C. Hinrichs, , 1913

الموضوعات:

الوسوم: إضافة وسم

لا توجد وسوم, كن أول من يضع وسما على هذه التسجيلة!

رقم الطلب: (O.S) PJ1921 .H3S6

LEADER 00628nam a2200181Ia 4500
008 221002s9999||||xx |||||||||||||| ||und||
050 4 |a (O.S) PJ1921 .H3S6 
100 1 |a Papyri Hauswaldt 
245 1 0 |a  Die demotischen papyri Hauswaldt 
264 1 |a Leipzig  |b J.C. Hinrichs, ,   |c 1913 
300 |a 87p.  |b  vi p., 1 leaf 28*, 87 p. illustration  |c 32cm. 
650 4 |a  Law Antiquities 
650 4 |a Egyptian language 
650 4 |a Papyri, Demotic 
700 1 |a Wilhelm Spiegelberg 
942 |2 lcc  |c BK 
952 |0 0  |1 0  |2 lcc  |4 0  |7 1  |9 43009  |a ARCE  |b ARCE  |d 2022-10-02  |l 0  |o (O.S) PJ1921 .H3S6  |r 2022-10-02 00:00:00  |w 2022-10-02  |y BK 
999 |c 49565  |d 49565